Constitutional history of India (Record no. 394419)

MARC details
000 -LEADER
fixed length control field 00495 a2200193 4500
005 - DATE & TIME
control field 20260128105533.0
008 - FIXED-LENGTH DATA ELEMENTS--GENERAL INFORMATION
fixed length control field 260127b |||||||| |||| 00| 0 eng d
020 ## - ISBN
International Standard Book Number 9788183766180
Price Rs. 1695.00
040 ## - CATALOGING SOURCE
Original cataloging agency VIVEKANANDA LIBRARY
082 ## - DDC NUMBER
Classification number 342.54
Book Number S98C
100 ## - MAIN ENTRY--PERSONAL NAME
Personal name Saxena, A K
245 ## - TITLE STATEMENT
Title Constitutional history of India
260 ## - PUBLICATION, DISTRIBUTION, ETC. (IMPRINT)
Name of publisher, distributor, etc ABD Publishers
Date of publication, distribution, etc 2025
Place of publication, distribution, etc Jaipur
300 ## - PHYSICAL DESCRIPTION
Pages viii, 244
650 ## - Subject
Subject Law
650 ## - Subject
Subject Constitutional Law-India
650 ## - Subject
Subject Administration Law
942 ## - ADDED ENTRY ELEMENTS (KOHA)
Koha item type Books
Holdings
Withdrawn status Lost status Source of classification or shelving scheme Damaged status Not for loan Location (home branch) Sublocation or collection (holding branch) Shelving location Date acquired Koha issues (times borrowed) Koha full call number Accession No. Koha date last seen Koha item type
    Dewey Decimal Classification     VIVEKANANDA LIBRARY VIVEKANANDA LIBRARY Vivekananda Library 07/01/2026   342..54 S98C 443941 07/01/2026 Books
© Designed and Maintained by Vivekananda Library, MDU Rohtak